000 00479nam a2200181Ia 4500
005 20260429112218.0
008 260429s9999||||xx |||||||||||||| ||und||
020 _a9789348011503
041 _aEnglish
082 _a630
_bSIN
100 _aSingh, S.K.
245 0 _aEnvironmental biotechnology /
_cS.K. Singh
260 _aNew Delhi :
_bAsia Publishers,
_c2025.
300 _ax, 320 p.; hb
650 _a Environmental biotechnology
650 _aAgriculture
942 _cTB
999 _c52926
_d52926